000 00281nam a2200121 a 4500
008 101027s1964|||| d
245 1 0 _aTajomstvo z Huntsville
100 1 _aMader, JĂșlius
260 _bVPL
_aBratislava
_c1964
020 _c16,50
041 _aslo
044 _axo
_cSK
999 _c12322
_d12322